[Event "Mumbai SMCA op 1st"]
[Site "Mumbai"]
[Date "2024.10.14"]
[Round "6"]
[White "Gada, Om"]
[Black "Soni, Atharv"]
[Result "0-1"]
[WhiteElo "1807"]
[BlackElo "1968"]
[PlyCount "90"]
[EventDate "2024.10.11"]
[EventType "swiss"]
[EventRounds "8"]
[EventCountry "IND"]
[SourceTitle "CB43_2024"]
[Source "Chessbase"]
[SourceDate "2024.10.23"]
[SourceVersion "1"]
[SourceVersionDate "2024.10.23"]
[SourceQuality "1"]

1. e4 e6 2. d4 d5 3. Nd2 c5 4. Ngf3 cxd4 5. Nxd4 Nc6 6. Bb5 Bd7 7. Nxc6 bxc6 8. Bd3 Bd6 9. Qe2 Ne7 10. c4 0-0 11. e5 Bc7 12. 0-0 Ng6 13. f4 f6 14. Nf3 Qe7 15. Kh1 fxe5 16. Bxg6 hxg6 17. fxe5 c5 18. Bg5 Qe8 19. Be3 d4 20. Bd2 Rf5 21. Rae1 Bc6 22. Ng5 Rb8 23. b3 Bd8 24. Nh3 Rb7 25. Kg1 Rbf7 26. g4 Bf3 27. Qd3 Bxg4 28. Nf4 g5 29. h3 Rxf4 30. Bxf4 Bf5 31. Qg3 gxf4 32. Rxf4 g5 33. Rf2 Rh7 34. Rh2 Qh5 35. Qg2 Be7 36. Rf1 Rg7 37. b4 g4 38. Qa8+ Bf8 39. bxc5 gxh3+ 40. Kh1 Qh4 41. Re2 d3 42. Re3 Qg4 43. Ra1 Qg2+ 44. Qxg2 hxg2+ 45. Kg1 Bxc5 0-1

[Event "Mumbai Transganization op"]
[Site "Mumbai"]
[Date "2024.01.27"]
[Round "6"]
[White "Bartakke, Amardeep S"]
[Black "Gada, Om"]
[Result "0-1"]
[WhiteElo "1961"]
[BlackElo "1599"]
[PlyCount "74"]
[EventDate "2024.01.25"]
[EventType "swiss"]
[EventRounds "8"]
[EventCountry "IND"]
[SourceTitle "CBM 218 Extra"]
[Source "ChessBase"]
[SourceDate "2024.03.31"]
[SourceVersion "1"]
[SourceVersionDate "2024.03.31"]
[SourceQuality "1"]

1. Nf3 c5 2. e3 d5 3. d4 Nc6 4. Nbd2 cxd4 5. exd4 Bg4 6. c3 a6 7. Bd3 e6 8. 0-0 Bd6 9. Re1 Nge7 10. Nf1 Qd7 11. Ng3 h5 12. Be2 h4 13. Nf1 Nf5 14. h3 Bh5 15. Ne5 Bxe2 16. Qxe2 Bxe5 17. dxe5 0-0-0 18. Ne3 Nxe5 19. Nxf5 exf5 20. Bf4 Ng6 21. Bh2 Rhe8 22. Qd2 Re4 23. f3 Re6 24. Red1 Rde8 25. Qd4 f4 26. c4 Re2 27. cxd5 Qf5 28. d6 Ne5 29. Qc5+ Kb8 30. Qc7+ Ka7 31. d7 Nxf3+ 32. Kh1 Rxg2 33. Kxg2 Re2+ 34. Kf1 Rxh2 35. Qb8+ Kxb8 36. d8Q+ Ka7 37. Qd7 Qc2 0-1

[Event "Mumbai Transganization op"]
[Site "Mumbai"]
[Date "2024.01.26"]
[Round "3"]
[White "Gada, Om"]
[Black "Arnav, Mahesh Koli"]
[Result "1/2-1/2"]
[WhiteElo "1599"]
[BlackElo "1755"]
[PlyCount "138"]
[EventDate "2024.01.25"]
[EventType "swiss"]
[EventRounds "8"]
[EventCountry "IND"]
[SourceTitle "CBM 218 Extra"]
[Source "ChessBase"]
[SourceDate "2024.03.31"]
[SourceVersion "1"]
[SourceVersionDate "2024.03.31"]
[SourceQuality "1"]

1. d4 Nf6 2. c4 g6 3. g3 Bg7 4. Bg2 0-0 5. Nc3 d6 6. Nf3 a5 7. 0-0 c6 8. e4 Bg4 9. h3 Bxf3 10. Qxf3 Nbd7 11. Rd1 Ne8 12. Qe2 Qc7 13. f4 e5 14. dxe5 dxe5 15. f5 Rd8 16. b3 Nef6 17. g4 Rfe8 18. Bf3 h6 19. h4 gxf5 20. gxf5 Kh7 21. Kh2 Rg8 22. Rg1 Nc5 23. Be3 Qe7 24. Kh3 Nfd7 25. Bh1 Nf6 26. Bf3 b5 27. cxb5 cxb5 28. Qxb5 Nd3 29. Rad1 Nf4+ 30. Bxf4 exf4 31. e5 Rxd1 32. Nxd1 Qa7 33. Rg2 Nd7 34. f6 Bf8 35. Qd3+ Kh8 36. Qf5 Nc5 37. Rxg8+ Kxg8 38. Qxf4 Qd7+ 39. Qg4+ Kh8 40. Ne3 Qd3 41. Nc4 Ne6 42. Qe4 Qf1+ 43. Bg2 Qf2 44. Bf3 Qf1+ 45. Kg3 Qg1+ 46. Bg2 Bc5 47. Nd6 Qf2+ 48. Kh2 Bxd6 49. exd6 Qxf6 50. d7 Qe7 51. Qe5+ Kg8 52. Qxa5 Qxh4+ 53. Kg1 Qd4+ 54. Kh2 Qxd7 55. Qa8+ Kg7 56. Qb8 Ng5 57. Qe5+ f6 58. Qe3 Qc7+ 59. Kg1 Qa5 60. Qe7+ Kg6 61. Qe8+ Kg7 62. Qd7+ Kg6 63. Qe8+ Kg7 64. Qd7+ Kg6 65. Qe8+ Kf5 66. Qc8+ Ke5 67. Qe8+ Kf5 68. Qd7+ Kg6 69. Qe8+ Kg7 1/2-1/2

[Event "Mumbai Accurate op"]
[Site "Mumbai"]
[Date "2023.10.02"]
[Round "4"]
[White "Shivamshika, G."]
[Black "Gada, Om"]
[Result "0-1"]
[WhiteElo "1484"]
[BlackElo "1619"]
[PlyCount "120"]
[EventDate "2023.09.29"]
[EventType "swiss"]
[EventRounds "7"]
[EventCountry "IND"]
[SourceTitle "CBM 216 Extra"]
[Source "ChessBase"]
[SourceDate "2023.11.30"]
[SourceVersion "1"]
[SourceVersionDate "2023.11.30"]
[SourceQuality "1"]

1. d4 Nf6 2. c4 e6 3. Nc3 Bb4 4. f3 d5 5. a3 Bxc3+ 6. bxc3 b6 7. e4 dxe4 8. fxe4 Nxe4 9. Qg4 Bb7 10. Qxg7 Qh4+ 11. g3 Qf6 12. Qxf6 Nxf6 13. d5 exd5 14. Bg2 0-0 15. cxd5 Re8+ 16. Ne2 Ba6 17. Bf3 Bxe2 18. Bxe2 Nxd5 19. Bb2 Nc6 20. c4 Ne3 21. Kf2 Rad8 22. Bc1 Nc2 23. Ra2 N2d4 24. Bg5 f6 25. Bf4 Ne5 26. Bf1 c5 27. h3 Re6 28. g4 Kg7 29. a4 a5 30. Rb2 Rd7 31. Kg3 Ng6 32. Bd2 Ne2+ 33. Bxe2 Rxe2 34. Bh6+ Kxh6 35. Rxe2 Rd3+ 36. Kf2 Ne5 37. Rxe5 fxe5 38. Re1 Rxh3 39. Rb1 Ra3 40. Rxb6+ Kg5 41. Rb5 Rxa4 42. Rxc5 Kf4 43. g5 e4 44. Rc7 Ra2+ 45. Kf1 Kxg5 46. Rxh7 a4 47. c5 Kf5 48. c6 Ke5 49. c7 Rc2 50. Rh5+ Kf4 51. Rh4+ Kf3 52. Rh3+ Kg4 53. Ra3 Rxc7 54. Rxa4 Kf3 55. Ra1 e3 56. Re1 Rh7 57. Kg1 e2 58. Ra1 Rg7+ 59. Kh2 Kf2 60. Kh3 e1Q 0-1

[Event "Mumbai Accurate op"]
[Site "Mumbai"]
[Date "2023.10.01"]
[Round "3"]
[White "Gada, Om"]
[Black "Aadhya, V."]
[Result "1-0"]
[WhiteElo "1619"]
[BlackElo "1310"]
[PlyCount "81"]
[EventDate "2023.09.29"]
[EventType "swiss"]
[EventRounds "7"]
[EventCountry "IND"]
[SourceTitle "CBM 216 Extra"]
[Source "ChessBase"]
[SourceDate "2023.11.30"]
[SourceVersion "1"]
[SourceVersionDate "2023.11.30"]
[SourceQuality "1"]

1. d4 d5 2. c4 e6 3. Nf3 Nf6 4. g3 Be7 5. Bg2 0-0 6. 0-0 b6 7. cxd5 exd5 8. Nc3 Bb7 9. Bf4 Na6 10. Rc1 c5 11. dxc5 bxc5 12. Nh4 Qd7 13. Qa4 Qe6 14. Qb5 Bc8 15. Rfe1 Bd7 16. Qd3 Nb4 17. Qb1 Rac8 18. a3 Nc6 19. e4 d4 20. Nd5 Nh5 21. Nf5 Nxf4 22. gxf4 g6 23. Nfxe7+ Nxe7 24. f5 Qd6 25. e5 Qxd5 26. Bxd5 Nxd5 27. Qe4 Ne7 28. Qb7 Rfd8 29. e6 Rb8 30. Qxb8 Rxb8 31. exd7 Kf8 32. Rxc5 Rd8 33. f6 Rxd7 34. fxe7+ Rxe7 35. Rc8+ Kg7 36. Rxe7 d3 37. Rcc7 d2 38. Rxf7+ Kg8 39. Rfd7 d1Q+ 40. Rxd1 Kf8 41. Rd8# 1-0